Statistics for Countries Containing Q/X/Z - One Minute Sprint

Click here to take the quiz!

General Stats

  • This quiz has been taken 58 times
    (48 since last reset)
  • The average score is 10 of 21

Answer Stats

country% Correct
Qatar
97%
Zambia
95%
Zimbabwe
95%
Mozambique
79%
Azerbaijan
63%
Mexico
63%
Equatorial Guinea
53%
Luxembourg
45%
Brazil
42%
Iraq
42%
Belize
39%
Uzbekistan
37%
Kazakhstan
34%
Switzerland
34%
New Zealand
32%
Tanzania
32%
Kyrgyzstan
29%
Venezuela
29%
Czechia
24%
Swaziland
21%
Bosnia and
Herzegovina
18%

Score Distribution

Percentile by Number Answered

Percent of People with Each Score

Your Score History

You have not taken this quiz since the last reset